Statistics for Project Regenesis Quiz

Click here to take the quiz!

General Stats

  • This quiz has been taken 11 times
    (10 since last reset)
  • The average score is 10 of 30

Answer Stats

#HintAnswer% Correct
#1Name of the planetYuzoa
100%
#2Main Regions of UkesDrua
60%
#3Ikuna
60%
#12Ancient empire along the Sea of MarkazMarkazi Empire
60%
#27Island nation formed from the remnants of #12Saeoria
60%
#28Formerly part of #29, this angry nation now has nukes :/Situresk
60%
#30Powerful alliance of countries in #3Alliance of the Orient
40%
#25Suzerain of Interakia, which it annexed from #26Artegia
40%
#29Massive nation occupying most of #4Carparia
40%
#22Island shared by Tir Zavira and BarkalorGrand Zavira
40%
#13Ancient empire that conquered the aboveKori Empire
40%
#18Multicultural federation located in southern #2Libion
40%
#5Major war from 1951-1960Nine Year's War
40%
#7Region of #2 containing five culturally related countriesNulunia
40%
#26Large nation centered on the Mazan SeaOvulangea
40%
#24This country in #3 speaks the Salitadagika languageSilang'guba
40%
#10Yuzoan equivalent of the UNYCIC
40%
#23Huge country of many tribes and location of #6Ahtalstan
20%
#20World-famous for its theatre such as "Korsai do Eira"Bazia
20%
#8Major factions in #5Coalition
20%
#9Coaxis
20%
#21Superpower and meritocracy that prizes knowledge and wisdomGreater Ohuryean Technocracy
20%
#19Confederation consisting of six similar tribesKhavaria
20%
#16Huge lakes in the middle of IkunaMaximedian Lakes
20%
#11Global ocean named after an explorerOfaran Ocean
20%
#4Tari Peninsula
20%
#17Major wars between #12 and #13Western Wars
20%
#14Ancient empire founded by Att-RishgunnKakeuet Empire
0%
#6Treaties that ended the aboveOsktel Accords
0%
#15Megalopolis on the Sea of MarkazPolitania
0%

Score Distribution

Percentile by Number Answered

Percent of People with Each Score

Your Score History

You have not taken this quiz since the last reset